00711nam a2200193 i 450000100060000000300090000600500170001500700030003200800410003510000220007624501110009826000380020930000470024765000400029470000240033485200210035899900170037995201210039652883ES-MaACL20230906162649.0t|030905s1928 ne ||||1| dut d1 aDekker, J.94326710aImmunisation locale contre la tuberculose par voie cutanée / cpar J. Dekker ; préface de A. Besredka. aAmsterdam : bH.J. Paris, c1928. aVIII, 104 p., 17 lám. : bil. ; c25 cm. 4aTuberculosis-xTratamiento.91518451 aBesredka, A.928592 aES-MaACLjE-1002 c52883d52883 00104070aATENEOMbATENEOMcDEPO2d2008-01-17eSCl0oE-1002p1055576r2023-02-23 00:00:00w2023-02-23yMONOGRAFIA